O reino das sete pontas (Registo nº 3854)
[ vista simples ]
| 000 -Etiqueta do registo | |
|---|---|
| Cabeçalho | 00649nam0a2200205 4500 |
| 005 - Identificador da versão | |
| Campo de controlo | 20240813122046.0 |
| 100 ## - Dados gerais de processamento | |
| Dados gerais de processamento | 20170511d1984 d y0pory5003 ba |
| 101 0# - Língua de publicação | |
| Língua do texto, banda sonora, etc. | Português |
| 215 ## - Descrição física | |
| Indicação específica da natureza do documento e extensão da espécie | 31, [1] p. |
| Outras indicações físicas | il. color |
| 200 1# - Titulo e menção de responsabilidade | |
| Título próprio | O reino das sete pontas |
| Primeira menção de responsabilidade | Matilde Rosa Araújo |
| Outras menções de responsabilidade | il. de Manuela Bacelar |
| 210 ## - Publicação, Distribuição, etc. | |
| Lugar da edição, distribuição, etc. | [Lisboa] |
| Nome do editor, distribuidor, etc. | Livros Horizonte |
| Data da publicação, distribuição, etc. | cop. 1984 |
| 606 ## - Nome comum usado como assunto | |
| Número de registo de entrada de autoridade | 0001335 |
| Palavra de ordem | Literatura portuguesa |
| Subdivisão de assunto | Conto |
| Código do sistema | CA |
| 675 ## - Classificação Decimal Universal (CDU) | |
| Notação | 821.134.3-34 |
| Edição | 3ª ed. |
| Língua da edição | por |
| 702 #1 - Nome de autor-pessoa física (responsabilidade secundária) | |
| Número de registo de entrada de autoridade | 0000045 |
| Palavra de ordem | Bacelar |
| Outra parte do nome não tomada para palavra de ordem | Manuela |
| Datas | 1943- |
| Código de função | Ilustrador / Técnico de desenho computorizado |
| 700 #1 - Nome de autor-pessoa física (responsabilidade principal) | |
| Número de registo de entrada de autoridade | 0001368 |
| Palavra de ordem | Araújo |
| Outra parte do nome não tomada para palavra de ordem | Matilde Rosa |
| Datas | 1921-2010 |
| 966 ## - Identificação da Biblioteca | |
| Sigla | EBVEN |
| 942 ## - Elementos de entrada adicionados (Koha) | |
| Tipo de item no Koha | Livro |
| Situação do levantamento | Origin of item (home branch) (coded) | Biblioteca de empréstimo | Código de barras | Cota | Circulation type (not for loan) | Tipo de documento | Nota do exemplar | Damaged status |
|---|---|---|---|---|---|---|---|---|
| Biblioteca Escolar das Vendas | Biblioteca Escolar das Vendas | BEV195 | 8POR ARA | Livro | Sem mensagem |
